ভারত সফরের স্মৃতি / (Record no. 31219)

MARC details
000 -LEADER
fixed length control field 00685nam a22002057a 4500
003 - CONTROL NUMBER IDENTIFIER
control field BDDh-ASL
005 - DATE AND TIME OF LATEST TRANSACTION
control field 20231015031238.0
008 - FIXED-LENGTH DATA ELEMENTS--GENERAL INFORMATION
fixed length control field 220427s2012 b ||||| |||| 00| 0 b d
040 ## - CATALOGING SOURCE
Transcribing agency BDDh-ASL
041 ## - LANGUAGE CODE
Language code of text/sound track or separate title bengali
082 ## - DEWEY DECIMAL CLASSIFICATION NUMBER
Classification number 910
Item number ASB
100 1# - MAIN ENTRY--PERSONAL NAME
Personal name আসাদ, মুহাম্মদ
9 (RLIN) 5631
245 10 - TITLE STATEMENT
Title ভারত সফরের স্মৃতি /
246 ## - VARYING FORM OF TITLE
Title proper/short title Bharat Safarer Smriti
260 ## - PUBLICATION, DISTRIBUTION, ETC.
Place of publication, distribution, etc. ঢাকা:
Name of publisher, distributor, etc. পূর্ণিমা বাসর,
Date of publication, distribution, etc. ২০১২।
300 ## - PHYSICAL DESCRIPTION
Extent ৬৪ পৃষ্ঠা;
Dimensions ২২ সে.মি.
Other physical details ছবি;
650 #0 - SUBJECT ADDED ENTRY--TOPICAL TERM
9 (RLIN) 6149
Topical term or geographic name entry element Trabel (ভ্রমণ)
651 #0 - SUBJECT ADDED ENTRY--GEOGRAPHIC NAME
Geographic name ভারত (India)
9 (RLIN) 4438
942 ## - ADDED ENTRY ELEMENTS (KOHA)
Source of classification or shelving scheme Dewey Decimal Classification
Koha item type Books
Holdings
Withdrawn status Lost status Source of classification or shelving scheme Damaged status Not for loan Collection code Home library Current library Shelving location Date acquired Source of acquisition Total Checkouts Full call number Barcode Date last seen Copy number Price effective from Koha item type
    Dewey Decimal Classification     Non-fiction Asiatic Society Library Asiatic Society Library General Stacks 03/21/2023 Complimentary   910 ASB 119850 03/21/2023 C-1 03/21/2023 Books

Powered by Koha